ロード中...
Avasanathe manushyan /
| 第一著者: | |
|---|---|
| フォーマット: | Printed Book |
| 言語: | Malayalam |
| 出版事項: |
Thrissur :
Green Books,
2014
|
| 主題: |
| LEADER | 00557 a2200169 4500 | ||
|---|---|---|---|
| 008 | 180707b xxu||||| |||| 00| 0 mal d | ||
| 999 | |c 117718 |d 117718 | ||
| 020 | |a 97881842533827 | ||
| 082 | |a 851.671 AVA | ||
| 100 | |a Arya Gopi | ||
| 245 | |a Avasanathe manushyan / |c Arya Gopi | ||
| 260 | |b Green Books, |c 2014 |a Thrissur : | ||
| 300 | |a 128p. ; |c 21cm. | ||
| 546 | |a Malayalam | ||
| 650 | |a Malayalam fiction | ||
| 942 | |2 ddc |c BK | ||
| 952 | |0 0 |1 0 |4 0 |6 851_671000000000000_AVA |7 0 |9 127470 |a UL |b UL |c ST1 |d 2018-04-13 |l 5 |m 2 |o 851.671 AVA |p G11067 |r 2019-11-15 |s 2019-10-19 |v 110.00 |y BK | ||